000 00441nam a2200181Ia 4500
003 OSt
005 20240315143632.0
008 210210b1937 xxu||||| |||| 00| 0 eng d
040 _cAL
041 _aeng
082 _a824/25
100 _aBRADBY (A)
_9154667
245 _aShakepeare criticism: 1919-35
260 _aLondon
_bOxford University Press
_c1937
690 _aEnglish Criticism
_9154671
906 _a013979
942 _2ddc
_cBK
999 _c133055
_d133055